The Housing (Empty Dwelling Management Orders) (Prescribed Exceptions and Requirements) (Wales) Order 2006 (Record no. 106241)
[ view plain ]
| 000 -LEADER | |
|---|---|
| fixed length control field | 01497cam a2200229 4500 |
| 001 - CONTROL NUMBER | |
| control field | L135917 |
| 008 - FIXED-LENGTH DATA ELEMENTS--GENERAL INFORMATION | |
| fixed length control field | 061218n2006 000 0 eng u |
| 035 ## - SYSTEM CONTROL NUMBER | |
| System control number | (Sirsi) u135917 |
| 041 0# - LANGUAGE CODE | |
| Language code of text/sound track or separate title | eng |
| 110 1# - MAIN ENTRY--CORPORATE NAME | |
| Corporate name or jurisdiction name as entry element | United Kingdom |
| Form subheading | Laws, etc |
| 9 (RLIN) | 5044 |
| 245 04 - TITLE STATEMENT | |
| Title | The Housing (Empty Dwelling Management Orders) (Prescribed Exceptions and Requirements) (Wales) Order 2006 |
| 260 ## - PUBLICATION, DISTRIBUTION, ETC. | |
| Place of publication, distribution, etc. | London |
| Name of publisher, distributor, etc. | TSO |
| Date of publication, distribution, etc. | 2006 |
| 490 ## - SERIES STATEMENT | |
| Series statement | Welsh Statutory Instrument |
| -- | 2006 |
| -- | 2823 |
| 520 ## - SUMMARY, ETC. | |
| Summary, etc. | Chapter 2 of Part 4 of the Housing Act 2004 ("the Act") deals with the making of interim and final empty dwelling management orders (EDMOs) which may be made by a local housing authority in respect of dwellings which are wholly unoccupied. Article 2 of this Order prescribes the exceptions for the purposes of a residential property tribunal's authorisation. Article 3 of this Order prescribes the additional requirements that a local housing authority must comply with when making an application to a residential property tribunal for authorisation of an interim EDMO. |
| 590 ## - LOCAL NOTE (RLIN) | |
| Local note | KA |
| 650 24 - SUBJECT ADDED ENTRY--TOPICAL TERM | |
| Topical term or geographic name entry element | EMPTY DWELLING MANAGEMENT ORDERS |
| 650 24 - SUBJECT ADDED ENTRY--TOPICAL TERM | |
| Topical term or geographic name entry element | HOUSING ACT 2004 PART IV |
| 650 24 - SUBJECT ADDED ENTRY--TOPICAL TERM | |
| Topical term or geographic name entry element | HOUSING (EMPTY DWELLING MANAGEMENT ORDERS) (PRESCRIBED EXCEPTIONS AND REQUIRMENTS) (WALES) ORDER 2006 |
| 690 ## - LOCAL SUBJECT ADDED ENTRY--TOPICAL TERM (OCLC, RLIN) | |
| Topical term or geographic name as entry element | PROPERTY-RESIDENTIAL PROPERTY-RESIDENTIAL PROPERTY MANAGEMENT |
| 856 40 - ELECTRONIC LOCATION AND ACCESS | |
| Uniform Resource Identifier | <a href="https://www.opsi.gov.uk/legislation/wales/wsi2006/20062823e.htm">https://www.opsi.gov.uk/legislation/wales/wsi2006/20062823e.htm</a> |
| Public note | View this Statutory Instrument free of charge at www.opsi.gov.uk |
| 942 ## - ADDED ENTRY ELEMENTS (KOHA) | |
| Suppress in OPAC | 0 |
| Withdrawn status | Lost status | Source of classification or shelving scheme | Damaged status | Not for loan | Home library | Current library | Shelving location | Date acquired | Total Checkouts | Full call number | Barcode | Date last seen | Copy number | Price effective from | Koha item type |
|---|---|---|---|---|---|---|---|---|---|---|---|---|---|---|---|
| Dewey Decimal Classification | Virtual | Virtual | Online | 18/12/2006 | ONLINE PUBLICATION | 135917-1001 | 06/08/2019 | 1 | 06/08/2019 | Book |